| 000 | 01718cam a22003371ia4500 | ||
|---|---|---|---|
| 003 | SA-RiAUC | ||
| 005 | 20241208055138.0 | ||
| 008 | 241208s1988 su f b f00000 ara c | ||
| 040 |
_aSA-RiAUC _bara _cSA-RiAUC _erda |
||
| 050 | 4 | _b.B35 1988 | |
| 082 | 0 | 4 |
_a251.6 _qSA-RiAUC |
| 090 |
_a251.6 _bب ك ر |
||
| 100 | 1 |
_aالبكري، محمد بن أبي بكر بن سليمان، _dتوفي 1062 هجري _eمؤلف. |
|
| 245 | 1 | 2 |
_aالاستغناء في الفرق والاستثناء / _cمحمد بن أبي سليمان البكري ؛ تحقيق سعود بن مسعد بن مساعد الثبيتي. |
| 250 | _aالطبعة الأولى. | ||
| 264 | 1 |
_aمكة المكرمة : _bجامعة أم القرى، معهد البحوث العلمية وإحياء التراث الإسلامي، مركز إحياء التراث الإسلامي، _c1988 |
|
| 300 |
_a2 مجلد ؛ _c24 سم |
||
| 336 |
_aنص _btxt _2rdacontent _3كتاب |
||
| 337 |
_aبدون وسيط _bn _2rdamedia |
||
| 338 |
_aمجلد _bnc _2rdacarrier |
||
| 490 | 0 | _aمن التراث الإسلامي | |
| 500 | _aالأصل أطروحة دكتوراه. | ||
| 504 | _aببليوجرافية : صفحة 678-696. | ||
| 650 | 7 |
_aالقواعد الفقهية _2aucsh |
|
| 650 | 7 |
_aأصول الفقه الإسلامي _2aucsh |
|
| 650 | 7 |
_aالفروق الفقهية _2aucsh |
|
| 700 | 1 | 2 |
_iتحقيق لـ (عمل) : _aمحمد البدر، محمد بن أبي بكر بن سليمان، _dتوفي 1062 هجري _tالاستغناء في الفرق والاستثناء |
| 700 | 1 |
_aالثبيتي، سعود بن مسعد بن مساعد _eمحقق. |
|
| 942 |
_2ddc _cBOOK |
||
| 949 |
_aSA-JeALM _d241208 _ukhaled123 _n1 |
||
| 999 |
_c3090 _d3090 |
||